| 000 | 00485nam a2200169 4500 | ||
|---|---|---|---|
| 001 | 133344 | ||
| 003 | ES-MaACL | ||
| 005 | 20230906194359.0 | ||
| 007 | t| | ||
| 008 | 070214s1970 sp r ||||1| spa d | ||
| 100 | 1 |
_aRucastiello, José Ramón de. _9100468 |
|
| 245 | 1 | 4 |
_aLos curas también son hombres _b: (novela) / _cJosé Ramón de Rucastiello. |
| 250 | _a1ª ed. | ||
| 260 |
_aOviedo : _bSumma, _c1970. |
||
| 300 |
_a244 p. ; _c20 cm. |
||
| 852 |
_aES-MaACL _jC-39839 _bR.74727 |
||
| 999 |
_c133344 _d133344 |
||